Sahitya akademi bota bijoye asamiya (Record no. 3871)

MARC details
000 -LEADER
fixed length control field 00529cam a2200205ua 4500
001 - CONTROL NUMBER
control field 4051
005 - DATE AND TIME OF LATEST TRANSACTION
control field 20260515113756.0
008 - FIXED-LENGTH DATA ELEMENTS--GENERAL INFORMATION
fixed length control field 111221n ii |||gr||||Z||||||asm
020 ## - INTERNATIONAL STANDARD BOOK NUMBER
International Standard Book Number 81-86494-35-9
040 ## - CATALOGING SOURCE
Transcribing agency MAIN
082 ## - DEWEY DECIMAL CLASSIFICATION NUMBER
Classification number 920
100 ## - MAIN ENTRY--PERSONAL NAME
Personal name Kalita, Samin,
245 11 - TITLE STATEMENT
Title Sahitya akademi bota bijoye asamiya
Statement of responsibility, etc. by Samin Kalita
250 ## - EDITION STATEMENT
Edition statement 3rd.
260 ## - PUBLICATION, DISTRIBUTION, ETC.
Place of publication, distribution, etc. Guwahati:
Name of publisher, distributor, etc. Students stores,997.
300 ## - PHYSICAL DESCRIPTION
Extent 168p:
Dimensions 23cm.
653 ## - INDEX TERM--UNCONTROLLED
Uncontrolled term Biography
653 ## - INDEX TERM--UNCONTROLLED
Uncontrolled term Biography of Sahitya akademi bota bijoye asamiya
942 ## - ADDED ENTRY ELEMENTS (KOHA)
Koha item type Books
Holdings
Withdrawn status Lost status Damaged status Not for loan Home library Current library Shelving location Date acquired Total checkouts Full call number Barcode Date last seen Copy number Price effective from Koha item type
        Naharkatiya College Library Naharkatiya College Library General stacks 09/19/2020   920 | KAL 10740 09/19/2020 1 09/19/2020 Books